| 000 | 01094nam a2200289Ia 4500 | ||
|---|---|---|---|
| 005 | 20240222140830.0 | ||
| 008 | 130821s2007 mx gr spa | ||
| 020 | _a9682324025 | ||
| 020 | _a9789682324024 | ||
| 040 |
_aCo-BoUCM _bspa _cDavid Moreno (modificó) _dDavid Moreno (modificó) |
||
| 041 | 0 | 0 | _aspa |
| 100 | 1 |
_aLeff , Enrique _9157262 |
|
| 245 | 1 | 0 |
_aSaber ambiental _b sustentabilidad, racionalidad,complejidad, poder _cEnrique Leff |
| 250 | _a5a. ed. | ||
| 260 |
_aMéxico D.F. (México) _bSiglo XXI Editores _c2007 |
||
| 300 | _a414 Páginas | ||
| 490 | 0 | _aAmbiente y Democracia | |
| 650 | 1 | 7 |
_aDesarrollo sostenible _912992 |
| 650 | 1 | 7 |
_aEcología humana _913643 |
| 650 | 1 | 7 |
_aMedio ambiente _919225 |
| 650 | 1 | 7 |
_aPolítica ambiental _921917 |
| 650 | 1 | 7 |
_aProtección del medio ambiente _922643 |
| 710 | 2 |
_aCentro de Investigaciones interdisciplinarias en Ciencias y Humanidades. UNAM _9180067 |
|
| 710 | 2 |
_aPrograma de Naciones Unidas para el medio ambiente. PNUMA _9180068 |
|
| 942 |
_cLIBRO _a7 _e5 _mL493s _2DEWEY _h333.72 _n0 |
||
| 999 |
_c63692 _d63692 |
||